书目信息 |
| 题名: |
生物多样性知识产权保护新论
|
|
| 作者: | 张才琴 | |
| 分册: | ||
| 出版信息: | 北京 光明日报出版社 2016.05 |
|
| 页数: | 189页 | |
| 开本: | 20cm | |
| 丛书名: | ||
| 单 册: | ||
| 中图分类: | X176 | |
| 科图分类: | ||
| 主题词: | 环境生物学 | |
| 电子资源: | ||
| ISBN: | 7-5194-0895-7 | |
| 000 | 00639nam0 2200205 450 | |
| 001 | 3019 | |
| 005 | 20161207153716.71 | |
| 010 | @a7-5194-0895-7@dCNY36.00 | |
| 100 | @a20150811d2016 km y0chiy0120 ea | |
| 101 | 0 | @achi |
| 102 | @aCN@b110000 | |
| 200 | 1 | @a生物多样性知识产权保护新论@Asheng wu duo yang xing zhi shi chan quan bao hu xin lun@f张才琴@Fzhang cai qin |
| 210 | @a北京@c光明日报出版社@d2016.05 | |
| 215 | @a189页@d20cm | |
| 330 | @a生物多样性·知识产权保护·研究 | |
| 606 | 0 | @a环境生物学 |
| 690 | @aX176@v4 | |
| 701 | 0 | @a张才琴@Azhang cai qin |
| 801 | 0 | @aCN@b大连网信软件有限公司图书馆·11@c20161207 |
| 905 | @aZUCC@dX176@e221 | |
| 生物多样性知识产权保护新论/张才琴.-北京:光明日报出版社,2016.05 |
| 189页;20cm |
| ISBN 7-5194-0895-7:CNY36.00 |
| 生物多样性·知识产权保护·研究 |
| ● |
| 相关链接 |
|
|
|
|
正题名:生物多样性知识产权保护新论
索取号:X176/221
 
预约/预借
| 序号 | 登录号 | 条形码 | 馆藏地/架位号 | 状态 | 备注 |
| 1 | 912506 | 209125061 | 第二样本阅览室/ [索取号:X176/221] | 在馆 | |
| 2 | 912507 | 209125070 | 第三借阅区/ [索取号:X176/221] | 在馆 | |
| 3 | 912508 | 209125089 | 第三借阅区/ [索取号:X176/221] | 在馆 | |
| 4 | 912509 | 209125098 | 第三借阅区/ [索取号:X176/221] | 在馆 |